[Event "SLO-ch U16"]
[Site "Celje"]
[Date "2004.02.22"]
[Round "1"]
[White "Ladinek, Anton"]
[Black "Smon, Andraz"]
[Result "0-1"]
[WhiteElo "1500"]
[BlackElo "1658"]
[PlyCount "86"]
[EventDate "2004.02.22"]
[EventType "swiss"]
[EventRounds "9"]
[EventCountry "SLO"]
[SourceTitle "EXT 2008"]
[Source "ChessBase"]
[SourceDate "2007.11.25"]
[SourceVersion "1"]
[SourceVersionDate "2007.11.25"]
[SourceQuality "1"]

1. e4 c5 2. Nf3 d6 3. h3 g6 4. Bc4 Bg7 5. Nc3 Nc6 6. d3 Nf6 7. 0-0 0-0 8. Be3 Na5 9. Qd2 Nxc4 10. dxc4 Be6 11. b3 a6 12. Bh6 Bd7 13. Bxg7 Kxg7 14. Nd5 Nxe4 15. Qe3 f5 16. Ng5 Nxg5 17. Qxg5 e6 18. Qxd8 Raxd8 19. Nc3 Bc6 20. Rfe1 Rfe8 21. Rad1 Kf7 22. Rd2 d5 23. Red1 d4 24. Ne2 e5 25. f4 e4 26. Re1 b5 27. cxb5 axb5 28. c3 d3 29. Nc1 c4 30. b4 e3 31. Rdd1 d2 32. Re2 dxc1Q 33. Rxc1 Rd3 34. Ree1 Rd2 35. Rcd1 Rxg2+ 36. Kh1 Rd2+ 37. Kg1 Rxd1 38. Rxd1 e2 39. Re1 Bf3 40. Kf2 Bh5 41. Rc1 Rd8 42. Ke1 Rd1+ 43. Rxd1 exd1Q+ 0-1